Cumhurbaşkanı sayın Abdullah Gül'ün Uşak Binası açılış töreninde yaptıkları konuşma (Record no. 7274)

MARC details
000 -BAŞLIK
Sabit Uzunlukta Kontrol Alanı 01042na a2200301 4500
001 - KONTROL NUMARASI
Denetim Alanı 19546
003 - KONTROL NUMARASI IDENTIFIER
Denetim Alanı MIRAKIL
005 - SON İŞLEM TARİHİ VE ZAMANI
Denetim Alanı 20181213155133.0
008 - SABİT-BOY VERİ ELEMANLARI - GENEL BİLGİLER
Sabit Uzunlukta Kontrol Alanı 170112b tu 000 0
020 ## - ULUSLARARASI STANDART KİTAP NUMARASI
Uluslararası Standart Kitap Numarası 9786054030330
035 ## - SİSTEM KONTROL NUMARASI
Sistem Kontrol Numarası 19546
040 ## - KATALOGLAMA KAYNAK
Orijinal Kataloglama Ajansı Milas
Kataloglama Dili tur
Metne Dönüştürmek Ajansı TR-AnCHP
041 ## - DİL KODU
Metin / Ses Parça Veya Ayrı Başlığın Dil Kodu tur
082 ## - DEWEY ONLU SINIFLANDIRMA NUMARASI
Sınıflandırma Numarası 327.09561
Ürün Numarası C85 2010
090 ## - SINIFLAMA NUMARASI
Sınıflama Numarası 327.09561 C85 2010
245 ## - BAŞLIK TABLOSU
Başlık Cumhurbaşkanı sayın Abdullah Gül'ün Uşak Binası açılış töreninde yaptıkları konuşma
Başlığın Kalan "Yeni dönemde Türk dış politikası"
260 ## - YAYIN, DAĞITIM, VB
Yayın, Dağıtım, Vb Yeri Ankara
Yayıncı, Dağıtıcı, Vs Adı USAK
Yayın, Dağıtım, Vb Tarihi 2010
300 ## - FİZİKSEL TANIM
Kapsam 56 s.
Diğer Fiziksel Ayrıntıları res.
Boyutlar 24 sm.
440 ## - SERİSİ TABLOSU / KATMA GİRİŞİ - BAŞLIK
Başlık USAK konuşmaları serisi
Bir İşin Parçası / Bölüm Sayısı 2
490 ## - SERİSİ TABLOSU
Seri Beyanı USAK yayınları
Hacim / Ardışık Tanımı 41
500 ## - GENEL NOT
Genel Not Eser Türkçe - İngilizce karşılıklıdır
504 ## - KAYNAKÇA VB NOT
Kaynakça Vb Notu Dizin var
600 ## - KONU KATMA GİRİŞ - KURUMSAL ADI
Kişisel Ad Gül, Abdullah
Genel Alt Bölümü Siyasal ve sosyal görüşler
600 ## - KONU KATMA GİRİŞ - KURUMSAL ADI
Kişisel Ad Gül, Abdullah
Başlıklar Ve Bir Adla İlişkili Diğer Kelimeler Cumhurbaşkanı
Genel Alt Bölümü Söylev ve demeçler
651 ## - KONU KATMA GİRİŞ - COĞRAFİ ADI
Coğrafi İsim Türkiye
Genel Alt Bölümü Uluslararası ilişkiler
Kronolojik Alt Bölümü Konuşmalar
810 ## - SERİSİ EKLENDİ GİRİŞ - KURUMSAL ADI
Giriş Elemanı Olarak Kurumsal Ad Veya Yargı Alanı Adı Uluslararası Stratejik Araştırmalar Kurumu (USAK)
942 ## - EKLENDİ GİRİŞ ELEMANLARI (KOHA)
Sınıflandırma Veya Raf Düzeni Kaynak
Koha Öğesi Türü Books
999 ## - SİSTEM KONTROL NUMARALARI (KOHA)
Koha Biblionumber 7274
Koha Biblioitemnumber 7274
Holdings
Kalıcı Konum Mevcut Konum Edinme Tarihi Edinim Kaynak Toplam Check-Out'Lar Tam Çağrı Numarası Barkod Tarih Son Görülme Kopya Sayısı İtibaren Geçerli Fiyatlar Koha Öğesi Türü
CHP Kütüphanesi CHP Kütüphanesi 01/11/2017 Bağış   327.09561 C85 2010 010113 01/11/2017 k.2 01/11/2017 Books
CHP Kütüphanesi CHP Kütüphanesi 12/16/2016 Bağış   327.09561 C85 2010 010281 12/16/2016   12/16/2016 Books